000
00327nam a22001457a 4500
008
210308b ||||| |||| 00| 0 eng d
020
_a
39536000858769
041
_a
eng
080
_a
541
082
_a
541
100
_a
12
101
_a
KIM
245
_a
Introductory experimental chemistry
_c
Messer, M.B
942
_2
udc
_c
BK
999
_c
55969
_d
55969